<?xml version="1.0" encoding="UTF-8"?>
<record
    xmlns:xsi="http://www.w3.org/2001/XMLSchema-instance"
    xsi:schemaLocation="http://www.loc.gov/MARC21/slim http://www.loc.gov/standards/marcxml/schema/MARC21slim.xsd"
    xmlns="http://www.loc.gov/MARC21/slim">

  <leader>03553cam a2200193 a 4500</leader>
  <datafield tag="952" ind1=" " ind2=" ">
    <subfield code="0">0</subfield>
    <subfield code="1">0</subfield>
    <subfield code="4">0</subfield>
    <subfield code="7">0</subfield>
    <subfield code="8">FOR</subfield>
    <subfield code="a">MES</subfield>
    <subfield code="b">MES</subfield>
    <subfield code="c">FOR </subfield>
    <subfield code="d">2021-03-31</subfield>
    <subfield code="e">35</subfield>
    <subfield code="g">3390.00</subfield>
    <subfield code="l">0</subfield>
    <subfield code="o">363.258 TUR/B</subfield>
    <subfield code="p">40986</subfield>
    <subfield code="r">2021-03-31 00:00:00</subfield>
    <subfield code="y">BK</subfield>
    <subfield code="z">GL51R3</subfield>
  </datafield>
  <datafield tag="999" ind1=" " ind2=" ">
    <subfield code="c">41210</subfield>
    <subfield code="d">41210</subfield>
  </datafield>
  <datafield tag="020" ind1=" " ind2=" ">
    <subfield code="a">0127050418 (acidfree paper)</subfield>
  </datafield>
  <datafield tag="082" ind1="0" ind2="0">
    <subfield code="a">363.258</subfield>
    <subfield code="b">TUR/B</subfield>
  </datafield>
  <datafield tag="100" ind1="1" ind2=" ">
    <subfield code="a">Turvey, Brent E.</subfield>
  </datafield>
  <datafield tag="245" ind1="1" ind2="0">
    <subfield code="a">Criminal profiling :</subfield>
  </datafield>
  <datafield tag="250" ind1=" " ind2=" ">
    <subfield code="a">2nd ed.</subfield>
  </datafield>
  <datafield tag="260" ind1=" " ind2=" ">
    <subfield code="a">San Diego, Calif. :</subfield>
    <subfield code="b">Academic Press,</subfield>
    <subfield code="c">c2002.</subfield>
  </datafield>
  <datafield tag="300" ind1=" " ind2=" ">
    <subfield code="a">xxviii, 717 p. :</subfield>
    <subfield code="b">ill. (some col.) ;</subfield>
  </datafield>
  <datafield tag="505" ind1="8" ind2=" ">
    <subfield code="a">Machine generated contents note: ABOUT THE AUTHORS ix -- FOREWORD TO THE -- FIRST EDITION Dr. Richard Saferstein xiii -- FOREWORD TO THE -- SECOND EDITION Dr. John Thornton xv -- PREFACE TO THE -- FIRST EDITION The Professionalization of Criminal Profiling xvii -- PREFACE TO THE -- SECOND EDITION The Investigation of Criminal Behavior in the New Millennium xxi -- ACKNOWLEDGMENTS xxvii -- CHAPTER 1 A HISTORY OF CRIMINAL PROFILING 1 -- Brent E. Turvey, M.S. -- 2 INDUCTIVE CRIMINAL PROFILING 21 -- Brent E. Turvey, M.S. -- 3 DEDUCTIVE CRIMINAL PROFILING 35 -- Brent E. Turvey, M.S. -- 4 CASE ASSESSMENT 53 -- Brent E. Turvey, M.S. -- 5 AN INTRODUCTION TO CRIME RECONSTRUCTION 81 -- W. Jerry Chisum, B.S. -- 6 EVIDENCE DYNAMICS 95 -- W. Jerry Chisum, B.S. and Brent E. Turvey, M.S. -- 7 WOUND PATTERN ANALYSIS 113 -- Brent E. Turvey, M.S. -- 8 VICTIMOLOGY 137 -- Brent E. Turvey, M.S. -- 9 THE PSYCHOLOGICAL AUTOPSY 157 -- Dana S. LaFon, Psy.D. -- 10 FALSE REPORTS 169 -- Det. John J. Baeza (ret.) and Brent E. Turvey, M.S. -- 11 CRIME SCENE CHARACTERISTICS 189 -- Brent E. Turvey, M.S. -- 12 ORGANIZED v. DISORGANIZED-A FALSE DICHOTOMY 219 -- Brent E. Turvey, M.S. -- 13 UNDERSTANDING MODUS OPERANDI 229 -- Brent E. Turvey, M.S. -- 14 STAGED CRIME SCENES 249 -- Brent E. Turvey, M.S. -- 15 UNDERSTANDING OFFENDER SIGNATURE 279 -- Brent E. Turvey, M.S. -- 16 CRIMINAL MOTIVATION 305 -- Brent E. Turvey, M.S. -- 17 OFFENDER CHARACTERISTICS 335 -- Brent E. Turvey, M.S. -- 18 CRIMINAL PROFILING IN COURT 357 -- Brent E. Turvey, M.S. -- 19 FIRE AND EXPLOSIVES: BEHAVIORAL ASPECTS 391 -- Brent E. Turvey, M.S. -- 20 PSYCHOPATHIC BEHAVIOR 411 -- Brent E. Turvey, M.S. -- 21 SADISTIC BEHAVIOR 427 -- Det. John J. Baeza (ret.) and Brent E. Turvey, M.S. -- 22 DOMESTIC HOMICIDE 459 -- Brent E. Turvey, M.S. -- 23 SEXUAL ASPHYXIA 479 -- Michael McGrath, M.D. and Brent E. Turvey, M.S. -- 24 STALKING 497 -- Wayne Petherick, B.Soc.Sci. (Psych.), M.Crim. -- 25 SERIAL HOMICIDE 513 -- Brent E. Turvey, M.S. -- 26 SERIAL RAPE 529 -- Brent E. Turvey, M.S. -- 27 CYBERPATTERNS: CRIMINAL BEHAVIOR ON THE INTERNET 547 -- Eoghan Casey, M.A. -- 28 ETHICS AND THE CRIMINAL PROFILER 573 -- Brent E. Turvey, M.S. -- APPENDIX I The Academy of Behavioral Profiling: Criminal Profiling Guidelines 589 -- APPENDIX II The Estate of Samuel H. Sheppard v. Ohio -- Criminal profiling in the death of Marilyn Reese Sheppard 597 -- APPENDIX III Threshold Assessment: Wisconsin v. John Maloney -- Post conviction review of an alleged arson-murder 613 -- APPENDIX IV Threshold Assessment: The Queen v. Graham Stafford -- Post conviction review of child sexual homicide in Australia 635 -- APPENDIX V Threshold Assessment: Illinois v. Gerald Simonson -- Post conviction review of a sexual homicide 661 -- APPENDIX VI Linkage Analysis: California v. Wayne Adam Ford -- Post conviction review of an alleged arson-murder 671 -- GLOSSARY 677 -- AUTHOR INDEX 699 -- SUBJECT INDEX 709.</subfield>
  </datafield>
  <datafield tag="650" ind1=" " ind2="0">
    <subfield code="a">Criminal behavior, Prediction of.</subfield>
  </datafield>
  <datafield tag="650" ind1=" " ind2="0">
    <subfield code="a">Criminal investigation</subfield>
  </datafield>
  <datafield tag="856" ind1="4" ind2="2">
    <subfield code="u">http://www.loc.gov/catdir/description/els031/2002102529.html</subfield>
  </datafield>
  <datafield tag="856" ind1="4" ind2="1">
    <subfield code="u">http://www.loc.gov/catdir/toc/fy022/2002102529.html</subfield>
  </datafield>
  <datafield tag="942" ind1=" " ind2=" ">
    <subfield code="c">BK</subfield>
  </datafield>
</record>
